| 000 | 00467nam a2200169 a 4500 | ||
|---|---|---|---|
| 001 | 2711 | ||
| 003 | CO-ViMGA | ||
| 008 | 141112s2004 ck r 000 u spa d | ||
| 040 |
_aCO-ViMGA _bspa _cCO-ViMGA |
||
| 082 | 0 | 4 | _a616.65 M174 |
| 100 | 1 |
_aMarks, Sheldon _951751 |
|
| 245 | 1 | 0 |
_aCáncer de la próstata : _brespuestas a las pregutas más frecuentes |
| 260 |
_aBogotá : _bNorma, _c1996 |
||
| 300 | _a320 p | ||
| 650 | 1 | 4 |
_aPROSTATA - CANCER _951752 |
| 942 |
_2ddc _cBK |
||
| 999 |
_c14786 _d14786 |
||